000 00569nam a2200205Ia 4500
005 20250508160932.0
008 008 250505s9999 xx 000 0 eng d
020 _a0-8185-0155-9
037 _aTextual
040 _aFEDL
_beng
_cFEDL
041 _aeng
_2eng
084 _a155.5, THO
_qFEDL
100 _aThornburg Hershel D.
245 0 _aDevelopment in adolescence
260 _aMonterey
_bBrooks/ Cole Publishing Company
_c1975
300 _axiii,480p
650 _aChild psychology
942 _cTEXL
_h155.5, THO
999 _c1367488
_d1367488